[Event "TCh-HUN 2017-18"]
[Site "Hungary HUN"]
[Date "2018.01.28"]
[Round "5.9"]
[White "Szamoskozi, Gabor"]
[Black "Horvath, Zsolt"]
[Result "1/2-1/2"]
[WhiteTitle "FM"]
[BlackTitle "FM"]
[WhiteElo "2297"]
[BlackElo "2381"]
[WhiteTeam "Penzugyor SE"]
[BlackTeam "Duocor-Makoi SVSE"]
[WhiteFideId "719056"]
[BlackFideId "723070"]
[EventDate "2017.11.25"]
[EventType "team-tourn"]

1. e4 c5 2. Nf3 d6 3. Bc4 e6 4. d3 a6 5. a4 Nc6 6. Bb3 Nf6 7. c3 Be7 8. O-O O-O
9. Qe2 Rb8 10. Rd1 e5 11. h3 Na5 12. Bc2 Be6 13. Ng5 Bb3 14. Bxb3 Nxb3 15. Ra2
Nxc1 16. Rxc1 Nd5 17. exd5 Bxg5 18. Nd2 f5 19. b4 Rc8 20. bxc5 Rxc5 21. c4 b5
22. axb5 axb5 23. Rb1 Bxd2 24. Rxd2 bxc4 25. dxc4 Qh4 26. Rb6 Rd8 27. Rc6 Ra5 1/2-1/2

[Event "TCh-HUN 2017-18"]
[Site "Hungary HUN"]
[Date "2018.01.28"]
[Round "5.10"]
[White "Szalai, Kornel"]
[Black "Varga, Klara"]
[Result "1/2-1/2"]
[WhiteTitle "IM"]
[BlackTitle "WIM"]
[WhiteElo "2397"]
[BlackElo "2250"]
[WhiteTeam "Duocor-Makoi SVSE"]
[BlackTeam "Penzugyor SE"]
[WhiteFideId "724378"]
[BlackFideId "733210"]
[EventDate "2017.11.25"]
[EventType "team-tourn"]

1. Nf3 d5 2. g3 Nf6 3. Bg2 c6 4. O-O Bg4 5. h3 Bh5 6. b3 Nbd7 7. Bb2 e6 8. c4
Bd6 9. d4 O-O 10. Nbd2 Qe7 11. Ne5 Rfd8 12. f4 Ba3 13. Bc3 c5 14. g4 Bg6 15.
Nxg6 hxg6 16. e3 cxd4 17. exd4 Nb6 18. Rf2 dxc4 19. bxc4 Bb4 20. Qb3 Bxc3 21.
Qxc3 Rac8 22. c5 Nbd5 23. Qg3 Nb4 24. Nb3 Nc6 25. Rd1 b6 26. cxb6 axb6 27. f5
gxf5 28. gxf5 exf5 29. Rxf5 Rd6 30. Re1 Qd7 31. Ref1 Kf8 32. Qh4 Ne7 33. Qh8+
Neg8 34. Rg5 g6 35. Rf2 Qe7 36. Re5 Re6 37. Rfe2 Rxe5 38. Rxe5 Qd6 39. Re2 Qg3
40. Rf2 Re8 41. Nd2 Re1+ 42. Nf1 Qg5 43. Rc2 Qe3+ 44. Kh1 Qxd4 45. Rc8+ Re8 46.
Rxe8+ Kxe8 47. Bc6+ Kf8 48. a4 Qf4 49. Kg2 g5 50. Bb5 Qe4+ 51. Kh2 Qf3 52. Kg1
Qc3 53. Kg2 Qd4 54. Ng3 Qd2+ 55. Kg1 Qe3+ 56. Kg2 Nd5 57. Qb2 Nf4+ 58. Kh2 Qe6
59. Bf1 Nf6 60. a5 bxa5 61. Qa3+ Kg7 62. Qxa5 Kg6 63. Qc3 N6d5 64. Bd3+ Nxd3 65.
Qxd3+ f5 66. Qe2 Qf6 67. h4 1/2-1/2

[Event "TCh-HUN 2017-18"]
[Site "Hungary HUN"]
[Date "2018.01.28"]
[Round "5.11"]
[White "Karacsonyi, Gellert"]
[Black "Kecskemeti, Arpad"]
[Result "1/2-1/2"]
[WhiteElo "2209"]
[BlackElo "2216"]
[WhiteTeam "Penzugyor SE"]
[BlackTeam "Duocor-Makoi SVSE"]
[WhiteFideId "764620"]
[BlackFideId "925322"]
[EventDate "2017.11.25"]
[EventType "team-tourn"]

1. e4 c5 2. Nf3 d6 3. d4 cxd4 4. Nxd4 Nf6 5. Nc3 a6 6. Be2 e5 7. Nf3 h6 8. Nd2
Be6 9. Nc4 Qc7 10. Ne3 Nbd7 11. Ned5 Bxd5 12. Nxd5 Nxd5 13. Qxd5 Nf6 14. Qd3 d5
15. exd5 Qa5+ 16. Bd2 Qxd5 17. Qxd5 Nxd5 18. Bf3 O-O-O 19. O-O-O Nc7 20. Bc3 Bd6
21. Rhe1 f6 22. Be4 1/2-1/2

[Event "TCh-HUN 2017-18"]
[Site "Hungary HUN"]
[Date "2018.01.28"]
[Round "5.12"]
[White "Juhasz, Barbara"]
[Black "Mokcsay, Robert"]
[Result "1-0"]
[WhiteTitle "WFM"]
[BlackTitle "FM"]
[WhiteElo "2190"]
[BlackElo "2228"]
[WhiteTeam "Duocor-Makoi SVSE"]
[BlackTeam "Penzugyor SE"]
[WhiteFideId "743585"]
[BlackFideId "715603"]
[EventDate "2017.11.25"]
[EventType "team-tourn"]

1. e4 c6 2. d4 d5 3. Nc3 dxe4 4. Nxe4 Nf6 5. Nxf6+ exf6 6. c3 Bf5 7. Ne2 Bd6 8.
Ng3 Bg6 9. Bd3 O-O 10. Nf5 Re8+ 11. Be3 Bf4 12. Qf3 Bxf5 13. Bxf5 Bxe3 14. fxe3
Qe7 15. Kf2 g6 16. Bc2 f5 17. Rae1 Nd7 18. e4 Qh4+ 19. g3 fxe4 20. Bxe4 Qh6 21.
Qe3 Qh5 22. Qf4 Qb5 23. Qd2 Nf6 24. Bf3 Qf5 25. Kg2 Ne4 26. Qe2 Nf6 27. Qd2 Ne4
28. Qe2 Nd6 29. Qf2 Nc4 30. Rhf1 Qg5 31. h4 Qh6 32. Kh1 f5 33. Re2 Kf8 34. Rfe1
Nd6 35. d5 g5 36. Re6 1-0

[Event "TCh-HUN 2017-18"]
[Site "Hungary HUN"]
[Date "2018.02.18"]
[Round "6.1"]
[White "Berkes, Ferenc"]
[Black "Stevic, Hrvoje"]
[Result "1-0"]
[WhiteTitle "GM"]
[BlackTitle "GM"]
[WhiteElo "2653"]
[BlackElo "2601"]
[WhiteTeam "ASE Paks"]
[BlackTeam "Dunaharaszti MTK"]
[WhiteFideId "718572"]
[BlackFideId "14502569"]
[EventDate "2017.11.25"]
[EventType "team-tourn"]

1. d4 d5 2. Nf3 Nf6 3. c4 dxc4 4. e3 Bg4 5. Bxc4 e6 6. Nc3 Nc6 7. Bb5 Bd6 8. e4
Nd7 9. Be3 e5 10. Bxc6 bxc6 11. h3 exd4 12. Bxd4 Be6 13. O-O O-O 14. Ne2 c5 15.
Bc3 f6 16. Re1 Re8 17. Ng3 Bf7 18. Nf5 Re6 19. Qc2 Bf8 20. Rad1 Qe8 21. e5 Nxe5
22. Bxe5 fxe5 23. Ng5 Rf6 24. f4 g6 25. Rxe5 Qc6 26. Ne7+ Bxe7 27. Rxe7 Rxf4 28.
Rdd7 Rf8 29. Qc3 Qa6 30. Ne6 Qf1+ 31. Kh2 Rf6 32. Nxf8 Rf2 33. Qg3 Kxf8 34. Rxc7
h5 35. Rxa7 h4 36. Qxf2 1-0

[Event "TCh-HUN 2017-18"]
[Site "Hungary HUN"]
[Date "2018.02.18"]
[Round "6.2"]
[White "Jovanovic, Zoran"]
[Black "Perunovic, Milos"]
[Result "1/2-1/2"]
[WhiteTitle "GM"]
[BlackTitle "GM"]
[WhiteElo "2540"]
[BlackElo "2612"]
[WhiteTeam "Dunaharaszti MTK"]
[BlackTeam "ASE Paks"]
[WhiteFideId "14505320"]
[BlackFideId "921629"]
[EventDate "2017.11.25"]
[EventType "team-tourn"]

1. e4 c5 2. Nc3 Nc6 3. Bb5 Nd4 4. Nf3 e6 5. Bc4 Nf6 6. O-O a6 7. a4 Qc7 8. d3
Bd6 9. h3 b6 10. Be3 Nxf3+ 11. Qxf3 Bb7 12. Qe2 O-O 13. f4 Be7 14. Ba2 d5 15.
Bd2 dxe4 16. dxe4 1/2-1/2

[Event "TCh-HUN 2017-18"]
[Site "Hungary HUN"]
[Date "2018.02.18"]
[Round "6.3"]
[White "Papp, Gabor1"]
[Black "Gonda, Laszlo"]
[Result "1-0"]
[WhiteTitle "GM"]
[BlackTitle "GM"]
[WhiteElo "2603"]
[BlackElo "2499"]
[WhiteTeam "ASE Paks"]
[BlackTeam "Dunaharaszti MTK"]
[WhiteFideId "718602"]
[BlackFideId "720852"]
[EventDate "2017.11.25"]
[EventType "team-tourn"]

1. e4 e5 2. Nf3 Nc6 3. Bc4 Bc5 4. c3 Nf6 5. d4 exd4 6. e5 d5 7. Bb5 Ne4 8. cxd4
Bb6 9. Nc3 O-O 10. Be3 Bg4 11. h3 Bh5 12. Qc2 Bg6 13. Qb3 Na5 14. Qxd5 Qe7 15.
Qd7 Qb4 16. O-O c6 17. Bd3 Rad8 18. Qg4 f5 19. Qh4 Nxc3 20. bxc3 Qxc3 21. Rfd1
Rd5 22. Bf1 Bd8 23. Bg5 Qa3 24. Rd3 Qb4 25. Bxd8 Rfxd8 26. Re1 Qf8 27. e6 Re8
28. Rde3 Qe7 29. Qg3 Qd6 30. Re5 Rxe5 31. Qxe5 Qxe5 32. Rxe5 b5 33. d5 cxd5 34.
Bxb5 Re7 35. Rxd5 1-0

[Event "TCh-HUN 2017-18"]
[Site "Hungary HUN"]
[Date "2018.02.18"]
[Round "6.4"]
[White "Kovacevic, Blazimir"]
[Black "Sedlak, Nikola"]
[Result "1/2-1/2"]
[WhiteTitle "IM"]
[BlackTitle "GM"]
[WhiteElo "2476"]
[BlackElo "2552"]
[WhiteTeam "Dunaharaszti MTK"]
[BlackTeam "ASE Paks"]
[WhiteFideId "14502712"]
[BlackFideId "922900"]
[EventDate "2017.11.25"]
[EventType "team-tourn"]

1. c4 e5 2. Nc3 Nc6 3. Nf3 Nf6 4. e3 d6 5. d4 Bd7 6. Be2 g6 7. d5 Ne7 8. c5 Bg7
9. cxd6 cxd6 10. e4 O-O 11. Nd2 Nh5 12. Bxh5 gxh5 13. Qxh5 b5 14. O-O b4 15. Nd1
f5 16. Ne3 f4 17. Nec4 Rf6 18. Qe2 Rh6 19. f3 Ng6 20. Rf2 Bb5 21. Nf1 Bf6 22.
Bd2 a5 23. Rc1 Ra7 24. g3 Rg7 25. Rg2 Kh8 26. Qf2 Nh4 27. gxh4 Bxh4 28. Qb6
Rxg2+ 29. Kxg2 Rg6+ 30. Ng3 Qxb6 31. Nxb6 fxg3 32. Rc8+ Kg7 33. Rc7+ Kg8 34.
Rc8+ Kf7 35. Rc7+ Ke8 36. Rc8+ Ke7 37. Rc7+ Kd8 38. Rc8+ Ke7 39. Rc7+ Kd8 40.
Rc8+ 1/2-1/2

[Event "TCh-HUN 2017-18"]
[Site "Hungary HUN"]
[Date "2018.02.18"]
[Round "6.5"]
[White "Acs, Peter"]
[Black "Flumbort, Andras"]
[Result "1-0"]
[WhiteTitle "GM"]
[BlackTitle "GM"]
[WhiteElo "2588"]
[BlackElo "2435"]
[WhiteTeam "ASE Paks"]
[BlackTeam "Dunaharaszti MTK"]
[WhiteFideId "708020"]
[BlackFideId "717274"]
[EventDate "2017.11.25"]
[EventType "team-tourn"]

1. e4 c5 2. Nf3 Nc6 3. Bb5 g6 4. O-O Bg7 5. Re1 Nf6 6. Nc3 O-O 7. e5 Ne8 8. Bxc6
dxc6 9. d3 Bg4 10. Be3 Bxe5 11. Bxc5 Bf6 12. h3 Bxf3 13. Qxf3 Nd6 14. g4 Rc8 15.
a4 b6 16. Be3 Bg7 17. a5 Nb5 18. Nxb5 cxb5 19. axb6 axb6 20. Re2 b4 21. Ra6 Bxb2
22. Rxb6 Bc3 23. Rb7 Re8 24. Kg2 Qd6 25. Bf4 Qc5 26. Bg3 Kf8 27. Re6 Kg8 28. Bd6
fxe6 29. Bxc5 Rxc5 30. Qe4 e5 31. h4 Bd4 32. f4 Rxc2+ 33. Kh3 Rf8 34. Rxe7 Rxf4
35. Qd5+ 1-0

[Event "TCh-HUN 2017-18"]
[Site "Hungary HUN"]
[Date "2018.02.18"]
[Round "6.6"]
[White "Farago, Ivan"]
[Black "Szabo, Krisztian1"]
[Result "0-1"]
[WhiteTitle "GM"]
[BlackTitle "GM"]
[WhiteElo "2385"]
[BlackElo "2498"]
[WhiteTeam "Dunaharaszti MTK"]
[BlackTeam "ASE Paks"]
[WhiteFideId "700134"]
[BlackFideId "722901"]
[EventDate "2017.11.25"]
[EventType "team-tourn"]

1. d4 Nf6 2. c4 d6 3. Nc3 Nbd7 4. e4 e5 5. Nf3 g6 6. Be2 Bg7 7. O-O O-O 8. Be3
c6 9. d5 c5 10. Bg5 h6 11. Bh4 a6 12. Ne1 Qe8 13. Nd3 Nh7 14. a4 h5 15. Qd2 f5
16. exf5 gxf5 17. Rae1 Ndf6 18. Bd1 Qg6 19. f4 e4 20. Nf2 Ng4 21. Nh3 Bd7 22.
Bc2 Rae8 23. a5 Kh8 24. Nd1 Rg8 25. Ng5 Bf6 26. h3 Nh6 27. b4 cxb4 28. Qxb4 Nxg5
29. fxg5 Bxg5 30. Qc3+ Rg7 31. Bxg5 Qxg5 32. Rf2 Nf7 33. Qe3 Ne5 34. Qxg5 Rxg5
35. h4 Rg7 36. Ree2 Nxc4 37. Ne3 Nxe3 38. Rxe3 Rc8 39. Bd1 Rc1 40. Rf1 Rc5 0-1

[Event "TCh-HUN 2017-18"]
[Site "Hungary HUN"]
[Date "2018.02.18"]
[Round "6.7"]
[White "Lizak, Peter"]
[Black "Popovics, Adam"]
[Result "0-1"]
[WhiteTitle "IM"]
[BlackTitle "IM"]
[WhiteElo "2471"]
[BlackElo "2378"]
[WhiteTeam "ASE Paks"]
[BlackTeam "Dunaharaszti MTK"]
[WhiteFideId "731595"]
[BlackFideId "721506"]
[EventDate "2017.11.25"]
[EventType "team-tourn"]

1. d4 Nf6 2. Nc3 d5 3. Bf4 Bf5 4. f3 e6 5. g4 Bg6 6. h4 h6 7. e3 a6 8. h5 Bh7 9.
Bd3 c5 10. Bxh7 Nxh7 11. Qd2 cxd4 12. exd4 Nd7 13. Nd1 Be7 14. Ne3 Bh4+ 15. Kf1
O-O 16. Nh3 Nb6 17. b3 Nc8 18. c4 dxc4 19. bxc4 Nd6 20. Rd1 f5 21. Rg1 Ng5 22.
Nxg5 hxg5 23. Bxd6 Qxd6 24. gxf5 Qf4 25. Qe2 Rae8 26. Ng2 Qxf5 27. Nxh4 gxh4 28.
h6 g5 29. Ke1 e5 30. d5 e4 31. f4 Qxf4 32. Rg4 Qf5 33. Qg2 Re5 34. Rd4 Kh7 35.
Rdxe4 h3 36. Qh1 Rfe8 0-1

[Event "TCh-HUN 2017-18"]
[Site "Hungary HUN"]
[Date "2018.02.18"]
[Round "6.8"]
[White "Tompa, Janos"]
[Black "Groszpeter, Attila"]
[Result "1/2-1/2"]
[WhiteTitle "IM"]
[BlackTitle "GM"]
[WhiteElo "2371"]
[BlackElo "2441"]
[WhiteTeam "Dunaharaszti MTK"]
[BlackTeam "ASE Paks"]
[WhiteFideId "700193"]
[BlackFideId "700053"]
[EventDate "2017.11.25"]
[EventType "team-tourn"]

1. Nf3 d5 2. c4 e6 3. d4 a6 4. e3 Nf6 5. Nc3 c5 6. Be2 dxc4 7. a4 Nc6 8. Bxc4
Be7 9. O-O O-O 10. Ne5 cxd4 11. Nxc6 bxc6 12. exd4 a5 13. Be3 Ba6 14. Bxa6 Rxa6
15. Qe2 Ra8 16. Rfc1 Qd7 1/2-1/2

[Event "TCh-HUN 2017-18"]
[Site "Hungary HUN"]
[Date "2018.02.18"]
[Round "6.9"]
[White "Kaczur, Florian"]
[Black "Papp, Petra"]
[Result "1/2-1/2"]
[WhiteTitle "IM"]
[BlackTitle "WGM"]
[WhiteElo "2458"]
[BlackElo "2335"]
[WhiteTeam "ASE Paks"]
[BlackTeam "Dunaharaszti MTK"]
[WhiteFideId "705098"]
[BlackFideId "739049"]
[EventDate "2017.11.25"]
[EventType "team-tourn"]

1. e4 e5 2. Nf3 Nf6 3. Nxe5 d6 4. Nf3 Nxe4 5. Nc3 Nxc3 6. dxc3 Be7 7. Be3 Nc6 8.
Qd2 Be6 9. O-O-O Qd7 10. h4 Bf6 11. Kb1 O-O-O 12. Nd4 Nxd4 13. Bxd4 Be5 14. Qe3
Qa4 15. b3 Qa5 16. Bd3 Rde8 17. Bxe5 dxe5 18. Rde1 f6 19. Kb2 Qb6 20. Qf3 Qc5
21. Be4 c6 22. Rd1 Qe7 23. Rd2 g6 24. Qe3 Kb8 25. g3 Rd8 26. Rhd1 Rxd2 27. Rxd2
Rd8 28. Rxd8+ Qxd8 29. h5 Bf7 30. Qh6 Qg8 31. Bd3 f5 32. Qg5 e4 33. Be2 Bd5 34.
Qf4+ Kc8 35. g4 Be6 36. g5 gxh5 37. Bxh5 Qg7 38. Be2 Qc7 39. Qe3 Qe7 40. a4 a6
41. a5 c5 42. f3 Bd5 43. f4 Qc7 44. c4 Be6 45. Qd2 Qd7 46. Qxd7+ Kxd7 47. c3 1/2-1/2

[Event "TCh-HUN 2017-18"]
[Site "Hungary HUN"]
[Date "2018.02.18"]
[Round "6.10"]
[White "Balint, Vilmos"]
[Black "Videki, Sandor"]
[Result "1/2-1/2"]
[BlackTitle "IM"]
[WhiteElo "2251"]
[BlackElo "2428"]
[WhiteTeam "Dunaharaszti MTK"]
[BlackTeam "ASE Paks"]
[WhiteFideId "718050"]
[BlackFideId "700479"]
[EventDate "2017.11.25"]
[EventType "team-tourn"]

1. Nf3 d6 2. d4 Nf6 3. g3 g6 4. Bg2 Bg7 5. O-O O-O 6. Re1 Nbd7 7. e4 e5 8. dxe5
dxe5 9. b3 Nc5 10. Ba3 Nfd7 11. Nc3 Re8 12. Qd2 c6 13. Rad1 Qc7 14. Bh3 Bf8 15.
Qe3 Ne6 16. Bxf8 Ndxf8 17. Na4 Nd4 18. Nxd4 exd4 19. Qh6 Bxh3 20. Qxh3 c5 21. f4
c4 22. Nb2 b5 23. Qf1 Rac8 24. Rxd4 Qa5 25. Nd1 Qxa2 26. bxc4 Ne6 27. Rd2 Qxc4
28. Ne3 Qxf1+ 29. Kxf1 Nc5 30. Nd5 Kg7 31. e5 Red8 32. Red1 Ne4 33. Rd4 Rc5 34.
Ne3 Rxd4 35. Rxd4 Nc3 36. Rd7 Kf8 37. Rxa7 Nd5 38. Nxd5 Rxd5 39. Ke2 h5 40. Rc7
Rd4 41. c3 Ra4 42. Rd7 b4 43. cxb4 Rxb4 44. h4 Rb3 45. Rd3 Rb4 46. Kf3 Ra4 47.
Rb3 Kg7 48. Rb8 Ra3+ 49. Kg2 Ra2+ 50. Kh3 Rf2 51. Rb6 Re2 52. Ra6 Rf2 53. Ra1
Kf8 54. Rg1 Kg7 55. Rg2 Rf3 56. Re2 Ra3 57. Kg2 Rb3 58. Kf2 Ra3 59. Re3 Ra2+ 60.
Kf3 Ra4 61. Rd3 Rb4 62. Ke3 Ra4 63. Kd2 Rb4 64. Rf3 Re4 65. Kd3 Ra4 66. Ke3 Rb4
67. f5 Rb3+ 68. Ke4 gxf5+ 69. Kf4 Rxf3+ 70. Kxf3 Kh7 71. Kf4 Kg6 72. Ke3 Kg7 73.
Kf3 Kh7 74. Ke2 Kg7 75. Ke3 Kh7 76. Kd4 Kg6 77. Kd3 Kg7 78. Ke3 Kh7 79. Kd4 Kg6
80. Ke3 1/2-1/2

[Event "TCh-HUN 2017-18"]
[Site "Hungary HUN"]
[Date "2018.02.18"]
[Round "6.11"]
[White "Lazarne Vajda, Szidonia"]
[Black "Veszpremi, Andras"]
[Result "1/2-1/2"]
[WhiteTitle "IM"]
[WhiteElo "2364"]
[BlackElo "2292"]
[WhiteTeam "ASE Paks"]
[BlackTeam "Dunaharaszti MTK"]
[WhiteFideId "723894"]
[BlackFideId "730270"]
[EventDate "2017.11.25"]
[EventType "team-tourn"]

1. e4 c5 2. Nf3 Nc6 3. c3 e6 4. d4 d5 5. exd5 Qxd5 6. Be3 cxd4 7. cxd4 Nf6 8.
Nc3 Bb4 9. Bd3 O-O 10. O-O Qd8 11. Qc2 h6 12. Rad1 Ne7 13. Qb3 Bd6 14. Bb1 b6
15. Ne5 Bb7 16. Rfe1 Rc8 17. Bc1 Ned5 18. Nxd5 Bxd5 19. Qg3 Kh8 20. Qh3 Ng8 21.
Qd3 g6 22. Bf4 Bxe5 23. Bxe5+ Kh7 24. Re3 f5 25. Qd2 Qg5 26. f4 Qe7 27. Rc3 Rxc3
28. Qxc3 Rf7 29. Rc1 Qb7 30. Qd2 Nf6 31. a3 Ng4 32. Rc3 Rd7 33. Bd3 Nxe5 34.
fxe5 Be4 35. Bb5 Rd8 36. Qc1 Qd5 37. Rc7+ Kg8 38. Qc4 Qxd4+ 39. Qxd4 Rxd4 40.
Rxa7 Rd1+ 41. Kf2 Rd2+ 42. Ke3 Rxg2 43. Bc4 Rxh2 44. Bxe6+ Kf8 45. Bc4 Rc2 46.
Kd4 Rd2+ 47. Ke3 Rc2 48. Kd4 Rd2+ 49. Ke3 Rc2 1/2-1/2

[Event "TCh-HUN 2017-18"]
[Site "Hungary HUN"]
[Date "2018.02.18"]
[Round "6.12"]
[White "Kokeny, Norbert Adrian"]
[Black "Krstulovic, Alex"]
[Result "1/2-1/2"]
[BlackTitle "FM"]
[WhiteElo "2200"]
[BlackElo "2296"]
[WhiteTeam "Dunaharaszti MTK"]
[BlackTeam "ASE Paks"]
[WhiteFideId "759740"]
[BlackFideId "760056"]
[EventDate "2017.11.25"]
[EventType "team-tourn"]

1. Nf3 Nf6 2. g3 d5 3. Bg2 c6 4. O-O Bg4 5. d4 e6 6. c4 Nbd7 7. Qb3 Qb6 8. Nc3
Be7 9. Re1 Bf5 10. c5 Qxb3 11. axb3 O-O 12. b4 a6 13. h3 Ne4 14. Na4 Bf6 15. Bf4
g5 16. Be5 Be7 17. g4 Bg6 18. Bh2 f6 19. Nc3 h5 20. Nxe4 dxe4 21. Nd2 hxg4 22.
hxg4 f5 23. e3 Nf6 24. gxf5 exf5 25. f3 exf3 26. Nxf3 Ng4 27. Ne5 Nxe5 28. Bxe5
Rad8 29. Rad1 Bf7 30. e4 fxe4 31. Bxe4 Bd5 32. Rd2 Bxe4 33. Rxe4 Rd5 34. Kg2 Bf6
35. Bxf6 Rxf6 36. Kg3 Kf7 37. Rh2 Kg6 38. Rh8 Kf5 39. Rhe8 Rf7 40. R8e6 Rh7 41.
Re7 Rh4 42. Rxh4 gxh4+ 43. Kh3 Rxd4 44. Rxb7 Ke6 45. Rc7 Kd5 46. Rd7+ Kc4 47.
Rd6 Re4 1/2-1/2

[Event "TCh-HUN 2017-18"]
[Site "Hungary HUN"]
[Date "2018.02.18"]
[Round "6.1"]
[White "Kallai, Gabor"]
[Black "Hracek, Zbynek"]
[Result "1/2-1/2"]
[WhiteTitle "GM"]
[BlackTitle "GM"]
[WhiteElo "2475"]
[BlackElo "2613"]
[WhiteTeam "MTK Budapest"]
[BlackTeam "HVSE-Infraplan"]
[WhiteFideId "700282"]
[BlackFideId "300071"]
[EventDate "2017.11.25"]
[EventType "team-tourn"]

1. d4 Nf6 2. Nf3 e6 3. c4 Bb4+ 4. Bd2 a5 5. g3 d6 6. Bg2 Nbd7 7. O-O e5 8. Nc3
O-O 9. Qc2 c6 10. a3 Bxc3 11. Bxc3 e4 12. Nd2 d5 13. e3 Re8 14. b4 a4 15. b5 Nf8
16. Bb4 Ne6 17. Rac1 Ng5 18. bxc6 bxc6 19. cxd5 cxd5 20. Qc7 Nh3+ 21. Kh1 Bg4
22. Qxd8 Raxd8 23. Rc3 h6 24. Bxh3 Bxh3 25. Rfc1 g5 26. Rc7 Rc8 27. Nb1 Kg7 28.
Rxc8 Rxc8 29. Rxc8 Bxc8 30. Nc3 Bd7 31. Be7 Bc6 1/2-1/2

[Event "TCh-HUN 2017-18"]
[Site "Hungary HUN"]
[Date "2018.02.18"]
[Round "6.2"]
[White "Ruck, Robert"]
[Black "Juhasz, Armin"]
[Result "1-0"]
[WhiteTitle "GM"]
[BlackTitle "IM"]
[WhiteElo "2531"]
[BlackElo "2369"]
[WhiteTeam "HVSE-Infraplan"]
[BlackTeam "MTK Budapest"]
[WhiteFideId "705713"]
[BlackFideId "724270"]
[EventDate "2017.11.25"]
[EventType "team-tourn"]

1. Nf3 Nf6 2. g3 d5 3. Bg2 e6 4. O-O Be7 5. c4 O-O 6. d4 dxc4 7. Qc2 a6 8. a4
Bd7 9. Qxc4 Bc6 10. Bg5 Bd5 11. Qc2 Be4 12. Qc1 Nc6 13. Nbd2 Bxf3 14. Nxf3 h6
15. Bf4 Rc8 16. Rd1 Nb4 17. Qb1 Nfd5 18. Bd2 c5 19. dxc5 Qa5 20. Ne5 Rfd8 21.
Bxd5 Rxd5 22. Bxb4 Rxd1+ 23. Qxd1 Qxb4 24. Qd7 Qxc5 25. Qxb7 Rc7 26. Qa8+ Rc8
27. Qxa6 Qc7 28. Nd3 Rb8 29. Rc1 Qd7 30. Qc6 Qd4 31. a5 Bg5 32. Rc4 Qa7 33. b4 1-0

[Event "TCh-HUN 2017-18"]
[Site "Hungary HUN"]
[Date "2018.02.18"]
[Round "6.3"]
[White "Marosi, Levente"]
[Black "Markos, Jan"]
[Result "0-1"]
[WhiteTitle "FM"]
[BlackTitle "GM"]
[WhiteElo "2293"]
[BlackElo "2553"]
[WhiteTeam "MTK Budapest"]
[BlackTeam "HVSE-Infraplan"]
[WhiteFideId "747181"]
[BlackFideId "14903474"]
[EventDate "2017.11.25"]
[EventType "team-tourn"]

1. e4 c5 2. c4 Nc6 3. Nc3 g6 4. g3 Bg7 5. Bg2 d6 6. Nge2 h5 7. h3 e6 8. d3 Nge7
9. Bg5 a6 10. Qd2 Rb8 11. O-O b5 12. Rab1 Qa5 13. b3 Bd7 14. Qf4 f6 15. Bxf6 Rf8
16. cxb5 axb5 17. Qxd6 Bxf6 18. Qxc5 b4 19. Na4 Qxc5 20. Nxc5 Nd4 21. Rfe1 Nxe2+
22. Rxe2 Bd4 23. Nxd7 Kxd7 24. Rc1 Nc6 25. Rc4 e5 26. Rec2 Bc3 27. a3 Nd4 28.
Ra2 Ra8 0-1

[Event "TCh-HUN 2017-18"]
[Site "Hungary HUN"]
[Date "2018.02.18"]
[Round "6.4"]
[White "Nemeth, Miklos1"]
[Black "Juhasz, Kristof"]
[Result "1-0"]
[WhiteTitle "IM"]
[WhiteElo "2494"]
[BlackElo "1605"]
[WhiteTeam "HVSE-Infraplan"]
[BlackTeam "Aquarena Kobanya SC"]
[WhiteFideId "720232"]
[BlackFideId "764507"]
[EventDate "2017.11.25"]
[EventType "team-tourn"]

1. e4 e6 2. d4 d5 3. Nd2 c5 4. exd5 Qxd5 5. Ngf3 cxd4 6. Bc4 Qd6 7. Qe2 Nf6 8.
Nb3 Nc6 9. Bg5 Be7 10. O-O-O O-O 11. Nbxd4 Nxd4 12. Rxd4 Qc5 13. Rhd1 a6 14. Ne5
b5 15. Bb3 a5 16. a3 a4 17. Ba2 Bb7 18. h4 Rad8 19. Rxd8 Rxd8 20. Rxd8+ Bxd8 21.
Nxf7 Bd5 22. Bxd5 Qxd5 23. Nxd8 Qxd8 24. Qxe6+ Kf8 25. Bf4 1-0

[Event "TCh-HUN 2017-18"]
[Site "Hungary HUN"]
[Date "2018.02.18"]
[Round "6.5"]
[White "Szabo, Balazs"]
[Black "Polak, Tomas"]
[Result "0-1"]
[WhiteTitle "FM"]
[BlackTitle "GM"]
[WhiteElo "2254"]
[BlackElo "2516"]
[WhiteTeam "MTK Budapest"]
[BlackTeam "HVSE-Infraplan"]
[WhiteFideId "727105"]
[BlackFideId "300560"]
[EventDate "2017.11.25"]
[EventType "team-tourn"]

1. e4 c6 2. d4 d5 3. exd5 cxd5 4. Bd3 Nc6 5. c3 Qc7 6. h3 e6 7. Nf3 Bd6 8. O-O
Nge7 9. Nbd2 Bd7 10. Nb3 b6 11. Bd2 f6 12. Rc1 O-O 13. c4 dxc4 14. Rxc4 Qb7 15.
Re1 Nd5 16. Qb1 h6 17. a3 Nce7 18. Qd1 Nf5 19. Qe2 Rf7 20. Qe4 g5 21. Rec1 Re8
22. Nc5 bxc5 23. dxc5 Bc6 24. cxd6 Nxd6 25. Qg6+ Rg7 26. Rxc6 Rxg6 27. Bxg6 Rc8
28. Rxc8+ Nxc8 29. b4 Nce7 30. Be4 Qa6 31. Rc5 Qe2 32. Bxd5 Nxd5 33. Bc1 h5 34.
Nh2 Qe1+ 35. Nf1 Nc3 0-1

[Event "TCh-HUN 2017-18"]
[Site "Hungary HUN"]
[Date "2018.02.18"]
[Round "6.6"]
[White "Kovacs, Gabor2"]
[Black "Terbe, Julianna"]
[Result "1-0"]
[WhiteTitle "IM"]
[BlackTitle "WIM"]
[WhiteElo "2463"]
[BlackElo "2263"]
[WhiteTeam "HVSE-Infraplan"]
[BlackTeam "MTK Budapest"]
[WhiteFideId "716219"]
[BlackFideId "708780"]
[EventDate "2017.11.25"]
[EventType "team-tourn"]

1. Nf3 d5 2. c4 c6 3. e3 Nf6 4. b3 Bf5 5. Bb2 e6 6. Be2 h6 7. O-O Bd6 8. Qc1
Nbd7 9. Ba3 Qe7 10. Bxd6 Qxd6 11. Qb2 O-O 12. Rc1 Rfe8 13. cxd5 exd5 14. d3 a5
15. Nbd2 Qe7 16. a3 Ng4 17. Nf1 Nge5 18. Nxe5 Nxe5 19. Qd4 Qf6 20. Rd1 Qg6 21.
Ng3 Bg4 22. f3 Bd7 23. f4 c5 24. Qxd5 Bc6 25. Qxc5 Ng4 26. e4 1-0